Biggest US Cities Starting with B - Statistics

General Stats
  • This quiz has been taken 25 times
  • The average score is 13 of 20
Answer Stats
State Answer Population % Correct
MD Baltimore 593,490
100%
AL Birmingham 209,403
100%
MA Boston 692,600
100%
CA Bakersfield 384,145
88%
LA Baton Rouge 220,236
88%
MT Billings 109,577
88%
ID Boise 228,959
88%
CO Boulder 105,673
81%
NY Buffalo 255,284
81%
TX Beaumont 116,825
63%
CT Bridgeport 144,399
63%
TX Brownsville 182,781
63%
WA Bellevue 148,164
50%
OR Bend 100,421
50%
FL Boca Raton 99,805
50%
OK Broken Arrow 110,198
50%
OR Beaverton 99,037
38%
WA Bellingham 92,314
31%
CA Berkeley 121,363
31%
MA Brockton 95,708
31%
No matching quizzes found
Score Distribution
Percent of People with Each Score
Percentile by Number Answered
Your Score History
You have not taken this quiz